000 00208 a2200097 4500
001 24146
100 _aTobttd, W.K
245 _aAutomotive encyclopedia
260 _a
_bHomewood
_c1968
090 _c16338
_d16338
942 _aNUST-CAE
_cM
_c7045
999 _c259219
_d259219